[Event "Fremont MSJE CC"]
[Site "Fremont"]
[Date "2005.03.07"]
[Round "?"]
[White "Tian, Warren"]
[Black "Poon, Jonathan"]
[Result "0-1"]
[WhiteElo "810"]
[BlackElo "803"]
[PlyCount "50"]
[EventDate "2005.01.29"]
[EventType "swiss"]
[EventRounds "3"]
[EventCountry "USA"]
[SourceTitle "EXT 2009"]
[Source "ChessBase"]
[SourceDate "2008.11.26"]
[SourceVersion "1"]
[SourceVersionDate "2008.11.26"]
[SourceQuality "1"]

1. e4 e5 2. d4 exd4 3. c3 Nc6 4. Nf3 Nf6 5. e5 Nd5 6. cxd4 d6 7. Bc4 Be6 8. Bg5 f6 9. exf6 gxf6 10. Bd2 Ne3 11. Bxe3 Bxc4 12. d5 Nb4 13. a3 Nd3+ 14. Kd2 Nxb2 15. Qc1 Bg7 16. Qxb2 Qe7 17. Qxb7 0-0 18. Qc6 Qe4 19. Qxc7 f5 20. Nc3 Qd3+ 21. Ke1 Qxc3+ 22. Kd1 Qxa1+ 23. Bc1 Bb3+ 24. Kd2 Qa2+ 25. Ke1 Rac8 0-1